书目信息 |
| 题名: |
欧内斯特·卢瑟福
|
|
| 作者: | 罗兰 著 ;姜炳炘 译 | |
| 分册: | ||
| 出版信息: | 北京 原子能出版社 1978.12 |
|
| 页数: | 165页 | |
| 开本: | 19cm | |
| 丛书名: | ||
| 单 册: | ||
| 中图分类: | K612.081.1 | |
| 科图分类: | ||
| 主题词: | 大洋洲--历史 | |
| 电子资源: | ||
| ISBN: | ||
| 000 | 00754nam0 2200229 45 | |
| 001 | 0310090894 | |
| 005 | 20060425083615.89 | |
| 010 | @dCNY0.45 | |
| 091 | @a15175.141 | |
| 100 | @a20031009d1978 km y0chiy0120 ea | |
| 101 | 0 | @aeng |
| 105 | @aca z 000yy | |
| 200 | 1 | @a欧内斯特·卢瑟福@AOu Nei Si Te·Lu Se Fu@e杰出的原子核物理学家@f(新西兰)约翰·罗兰著@F(xin xi lan)yue han·luo lan zhu@g姜炳炘译 |
| 210 | @a北京@c原子能出版社@d1978.12 | |
| 215 | @a165页@c肖像,照片@d19cm | |
| 517 | 1 | @a杰出的原子核物理学家@Ajie chu de yuan zi he wu li xue jia |
| 606 | 0 | @a大洋洲@x历史 |
| 690 | @aK612.081.1@v3 | |
| 701 | 0 | @a罗兰@Aluo lan@4著 |
| 702 | 0 | @a姜炳炘@AJiang Bing Xin@4译 |
| 801 | @aCN@bTSTC@c20060425 | |
| 905 | @f1@b1072@f1@b1074@dK612.081.1@e4 | |
| 欧内斯特·卢瑟福:杰出的原子核物理学家/(新西兰)约翰·罗兰著/姜炳炘译.-北京:原子能出版社,1978.12 |
| 165页:肖像,照片;19cm |
| ISBN :CNY0.45 |
| ● |
| 相关链接 |
|
|
|
|
正题名:欧内斯特·卢瑟福
索取号:K612.081.1/4
 
预约/预借
| 序号 | 登录号 | 条形码 | 馆藏地/架位号 | 状态 | 备注 |
| 1 | 0001071 | 202269730 | 密集书库/ [索取号:K612.081.1/4] | 在馆 | |
| 2 | 0001072 | 001672915 | 密集书库/ [索取号:K612.081.1/4] | 在馆 | |
| 3 | 0001074 | 001672951 | 密集书库/ [索取号:K612.081.1/4] | 在馆 |